Рынок наружной рекламы г. Томска; Энергия молодых - экономике России; Ч. 1

Bibliografski detalji
Parent link:Энергия молодых - экономике России: Труды Третьей областной научно-практической конференции студентов, аспирантов и молодых ученых, Томск, 23-25 апреля 2002 г./ Томский политехнический университет. Инженерно-экономический факультет; Вольное экономическое общество России.— , 2002-
Ч. 1.— 2002.— С. 50-53
Glavni autor: Микитина Л. В.
Jezik:ruski
Izdano: 2002
Teme:
Format: Poglavlje knjige
KOHA link:https://koha.lib.tpu.ru/cgi-bin/koha/opac-detail.pl?biblionumber=94570

MARC

LEADER 00000naa2a2200000 4500
001 94570
005 20231031105709.0
035 |a (RuTPU)RU\TPU\book\101303 
090 |a 94570 
100 |a 20060412d2002 k y0rusy50 ca 
101 0 |a rus 
102 |a RU 
200 1 |a Рынок наружной рекламы г. Томска  |f Л. В. Микитина 
461 1 |0 (RuTPU)RU\TPU\book\55312  |t Энергия молодых - экономике России  |o Труды Третьей областной научно-практической конференции студентов, аспирантов и молодых ученых, Томск, 23-25 апреля 2002 г.  |f Томский политехнический университет. Инженерно-экономический факультет; Вольное экономическое общество России  |d 2002- 
463 0 |0 (RuTPU)RU\TPU\book\68520  |t Ч. 1  |v С. 50-53  |d 2002 
610 1 |a реклама 
610 1 |a наружная реклама 
610 1 |a Томск 
610 1 |a рынок рекламы 
610 1 |a труды учёных ТПУ 
700 1 |a Микитина  |b Л. В. 
801 1 |a RU  |b 63413507  |c 20060412  |g PSBO 
801 2 |a RU  |b 63413507  |c 20161004  |g RCR 
942 |c BK